000 00993nam a2200277 4500
001 11115
003 ES-MaACL
005 20250918063023.0
007 t|
008 000000r1993 sp ||||0| spa d
016 7 _z05526921
020 _a84-249-0525-3
040 _aIBH
_bspa
_cM-BN-DP
080 _a860 Buero Vallejo,Antonio 1.06
100 1 _aDoménech, Ricardo,
_d1938-2010
_945084
245 1 3 _aEl teatro de Buero Vallejo
_b: una meditación española /
_c[por] Ricardo Doménech.
250 _a2ª ed. muy aumentada.
260 _aMadrid :
_bGredos,
_c1993.
300 _a490 p. ;
_c20 cm.
490 1 _aBiblioteca románica hispánica. II. Estudios y ensayos ;
_v198
504 _aBibliografía : p. 399-478.-Indices.
600 1 4 _aBuero Vallejo, Antonio, 1916-2000-
_xCrítica e interpretación
_932422
830 0 _aBiblioteca románica hispánica. II. Estudios y ensayos ;
_v198
_9178108
852 _aES-MaACL
_jL-18363
_bR.123440
999 _c11115
_d11115